| 000 | 00566nai a2200169Ia 4500 | ||
|---|---|---|---|
| 003 | IN-BaIIA | ||
| 008 | 211028c9999 xx s 000 0 eng d | ||
| 022 | _a0146-6410 (Online) | ||
| 040 | _cIIA Library | ||
| 245 | 0 |
_aProgress in Particle and Nuclear Physics _h[eJournal] |
|
| 260 |
_aOxford, U.K _bPergamon |
||
| 310 | _aBi-monthly | ||
| 362 | _a34(); 1995 - Present | ||
| 521 | _bSubscribed through National Knowledge Resource Consortium (NKRC) | ||
| 856 |
_uhttps://www.sciencedirect.com/science/journal/01466410 _yClick Here to Access eJournal |
||
| 942 | _cEJ | ||
| 999 |
_c35603 _d35603 |
||